|
|
|
|
| LEADER |
00720nam a2200193 a 4500 |
| 001 |
GR-MES321 |
| 008 |
991111s gr 000 b eng d |
| 040 |
|
|
|a GrPaTEI
|b gre
|c GR-PaULI
|
| 245 |
0 |
0 |
|a Handbook of fish diseases.
|
| 260 |
|
|
|a Neptune City :
|b T.F.H,
|c c1989
|
| 300 |
|
|
|a 160σελ. :
|b εικ.
|
| 650 |
|
4 |
|a Ψάρια-Αρρώστειες
|
| 700 |
1 |
|
|a Axelrod, Herbert R.
|
| 700 |
1 |
|
|a Hirschhorn, Howard H.
|
| 710 |
0 |
|
|a T.F.H
|
| 942 |
|
|
|2 ddc
|
| 952 |
|
|
|0 0
|1 0
|2 ddc
|4 0
|6 597_000000000000000_HIR
|7 0
|9 263541
|a MSLG
|b MSLG
|c BSC
|d 2021-01-17
|e 24
|f 1
|g 0.00
|l 0
|o 597 HIR
|p 2420000003814
|q 2017-12-31
|r 2021-01-17 00:00:00
|t 1
|w 2021-01-17
|y BK15
|x 19991111 0 1
|x GrPaTEI
|
| 971 |
|
|
|a .b25713620
|b 15-04-20
|c 13-09-16
|
| 999 |
|
|
|c 151718
|d 151718
|